000 00308 a2200133 4500
001 50208
040 _cAnchieta - Bela Vista
100 _aAnchietinha Bela Vista
240 1 0 _aEra uma vez...outra vez
_lpor
245 1 0 _aEra uma vez...outra vez
300 _a25
650 4 _aLiteratura juvenil
942 _cBK
999 _c50208
_d50208